Countries of Asia in French - Statistics

General Stats
  • This quiz has been taken 22 times
  • The average score is 40 of 50
Answer Stats
Hint Answer Gender % Correct
Iran Iran M
100%
Israel Israël M
100%
Oman Oman M
100%
Yemen Yémen M
100%
Armenia Arménie F
93%
Georgia Géorgie F
93%
Pakistan Pakistan M
93%
Palestine Palestine F
93%
Qatar Qatar M
93%
Russia Russie F
93%
Bangladesh Bangladesh M
87%
China Chine F
87%
India Inde F
87%
Indonesia Indonésie F
87%
Jordan Jordanie F
87%
Kazakhstan Kazakhstan M
87%
Laos Laos M
87%
Maldives Maldives PL(f)
87%
Mongolia Mongolie F
87%
Myanmar (Burma) Myanmar M
87%
Nepal Népal M
87%
Sri Lanka Sri Lanka M
87%
Syria Syrie F
87%
Taiwan Taïwan M
87%
Vietnam Viêt Nam M
87%
Afghanistan Afghanistan M
80%
Brunei Brunei M
80%
Japan Japon M
80%
Lebanon Liban M
80%
Philippines Philippines PL(m)
80%
Turkmenistan Turkménistan M
80%
Saudi Arabia Arabie Saoudite F
73%
Azerbaijan Azerbaïdjan M
73%
Cyprus Chypre F
73%
North Korea Corée du Nord F
73%
South Korea Corée du Sud F
73%
Iraq Irak F
73%
Uzbekistan Ouzbékistan M
73%
Tajikistan Tadjikistan M
73%
Turkey Turquie F
73%
Bhutan Bhoutan M
67%
Cambodia Cambodge M
67%
Malaysia Malaisie F
67%
Singapore Singapour F
67%
Thailand Thaïlande F
67%
United Arab Emirates Émirats Arabes Unis PL(m)
60%
Kyrgyzstan Kirghizistan M
60%
East Timor Timor Oriental M
60%
Bahrain Bahreïn M
53%
Kuwait Koweït M
53%
No matching quizzes found
Score Distribution
Percent of People with Each Score
Percentile by Number Answered
Your Score History
You have not taken this quiz